| 000 | 00422nam a22001697a 4500 | ||
|---|---|---|---|
| 003 | NUST - PNEC | ||
| 005 | 20170116180827.0 | ||
| 008 | 150728b xxu||||| |||| 00| 0 eng d | ||
| 020 | _a0070582378 | ||
| 040 | _cLIBRARY | ||
| 082 | _a510.2462 WYL | ||
| 100 |
_94449 _aWylie c. ray |
||
| 245 |
_aAdvanced engineering mathematics _cc. ray wylie |
||
| 250 | _a6th ed | ||
| 650 |
_94450 _aMathmatics _xME |
||
| 942 |
_2ddc _cBK |
||
| 999 |
_c63930 _d63930 |
||